Les 10 villes de Belgique les plus peuplées commençant par L - Statistiques

Statistiques générales
  • Ce quiz a été pris 18 fois
  • Le résultat moyen est 3 sur 10
Statistiques - réponses
# Ville Population % Correct
1 Liège 195.778
100%
2 Louvain 104.009
88%
3 La Louvière 81.241
71%
5 Lierre 38.210
24%
7 Lommel 34.913
24%
4 Lokeren 50.312
6%
10 Lebbeke 20.059
0%
6 Leeuw-Saint-Pierre 36.525
0%
9 Lievegem 27.225
0%
8 Lochristi 30.925
0%
Aucun quiz correspondant
Distribution des résultats
% des personnes avec chaque résultat
Percentile par nombre de réponses
Votre historique - résultats
Vous n’avez pas pris ce quiz